[Event "Budapest FS08 FM"]
[Site "Budapest"]
[Date "2019.08.05"]
[Round "3"]
[White "Gruz, Janos"]
[Black "Chivela, Felisberto"]
[Result "1/2-1/2"]
[WhiteElo "1550"]
[BlackElo "1804"]
[PlyCount "113"]
[EventDate "2019.08.03"]
[EventType "tourn"]
[EventRounds "10"]
[EventCountry "HUN"]
[SourceTitle "EXT 2020"]
[Source "ChessBase"]
[SourceDate "2019.10.17"]
[SourceVersion "1"]
[SourceVersionDate "2019.10.17"]
[SourceQuality "1"]

1. d4 Nf6 2. Nf3 e6 3. e3 d5 4. c4 c5 5. Nc3 cxd4 6. exd4 Be7 7. Be2 dxc4 8. Bxc4 0-0 9. 0-0 a6 10. a4 Nc6 11. Bf4 Nd5 12. Bxd5 exd5 13. Ne5 Qb6 14. Nxc6 Qxc6 15. Rc1 Bf5 16. Qf3 Rad8 17. Rfe1 Be6 18. Qg3 Qd7 19. Qe3 Rfe8 20. Qd2 Rc8 21. Qd1 Rc4 22. b3 Rc6 23. Na2 Rec8 24. Qd2 Rxc1 25. Rxc1 Rxc1+ 26. Qxc1 h6 27. Qc3 Bf5 28. Nc1 Qe6 29. Kf1 Qe4 30. Qe3 Ba3 31. Qxe4 Bxe4 32. f3 Bc2 33. Ke2 a5 34. Kd2 Bxc1+ 35. Kxc1 Bxb3 36. Bc7 Bxa4 37. Bxa5 g5 38. Kd2 Kg7 39. Bd8 Kg6 40. h4 Bb5 41. g3 Bf1 42. hxg5 hxg5 43. f4 g4 44. Bb6 Kf5 45. Ke3 Ke6 46. Kd2 Bg2 47. Bc5 Be4 48. Bb6 Kd7 49. Kc3 Kc6 50. Bc5 Kb5 51. Be7 Bf3 52. Bc5 Be2 53. Be7 b6 54. Bf8 Kc6 55. Bb4 Kd7 56. Kd2 Bc4 57. Ba3 1/2-1/2

[Event "Budapest Karacsonyi op 10th"]
[Site "Budapest"]
[Date "2018.12.28"]
[Round "2"]
[White "Giles, Benjamin"]
[Black "Chivela, Felisberto"]
[Result "1-0"]
[WhiteElo "1875"]
[BlackElo "1731"]
[PlyCount "70"]
[EventDate "2018.12.27"]
[EventType "swiss"]
[EventRounds "7"]
[EventCountry "HUN"]
[SourceTitle "CBM 188 Extra"]
[Source "ChessBase"]
[SourceDate "2019.02.26"]
[SourceVersion "1"]
[SourceVersionDate "2019.02.26"]
[SourceQuality "1"]

1. d4 Nf6 2. c4 e6 3. Nf3 d5 4. Nc3 c5 5. Bg5 dxc4 6. e4 cxd4 7. Qxd4 Be7 8. Qxd8+ Bxd8 9. Bxc4 0-0 10. Rd1 h6 11. Bh4 g5 12. Bg3 Ba5 13. Bd6 Rd8 14. b4 Bb6 15. 0-0 Nc6 16. a3 Bd7 17. b5 Na5 18. Be7 Nxc4 19. Bxf6 Nxa3 20. Bxd8 Rxd8 21. Ne5 Nxb5 22. Rxd7 Nxc3 23. Rxb7 Nxe4 24. Nxf7 Rd2 25. Nxh6+ Kf8 26. Ng4 Rb2 27. g3 a5 28. Rc1 Nd6 29. Rd7 Nf7 30. Rc8+ Kg7 31. Rc6 Kg6 32. Rxe6+ Kf5 33. Rf6+ Kxg4 34. Rdxf7 a4 35. Kg2 a3 1-0